| 000 | 00424nam a2200157 i 4500 | ||
|---|---|---|---|
| 001 | 70747 | ||
| 003 | ES-MaACL | ||
| 005 | 20230906170917.0 | ||
| 007 | t| | ||
| 008 | 040802s1913 xxu ||||1| eng d | ||
| 100 | 1 |
_aGarmo, Charles de. _955590 |
|
| 245 | 1 | 0 |
_aPrinciples of secondary education _b: a text book. |
| 260 |
_aNew York : _bMacmillan and CÂș, _c1913. |
||
| 300 |
_a2 v. ; _c20 cm. |
||
| 852 |
_aES-MaACL _jF-7673-74 |
||
| 999 |
_c70747 _d70747 |
||